Normal view
MARC view
Entry Topical Term
001 - CONTROL NUMBER
- control field: 1966
003 - CONTROL NUMBER IDENTIFIER
- control field: ARRUPE
005 - DATE AND TIME OF LATEST TRANSACTION
- control field: 20131001170335.0
008 - FIXED-LENGTH DATA ELEMENTS
- fixed length control field: 131001|| aca||aabn | a|a d
040 ## - CATALOGING SOURCE
- Original cataloging agency: ARRUPE
- Transcribing agency: ARRUPE
150 ## - HEADING--TOPICAL TERM
- Topical term or geographic name as entry element: Spiritual journals
- General subdivision: Authorship.
670 ## - SOURCE DATA FOUND
- Source citation: Work cat.: (ARRUPE)0: Koontz, Christian. 1965, The living journal :, c1991.